LEADER 01000nam0 2200253 450 001 000017565 005 20081014152542.0 010 $a0123786606 100 $a20081014d1978----km-y0itay50------ba 101 0 $aeng 102 $aGB 105 $aa-------101yy 200 1 $aNumerical software$eneeds and availability$fedited by D. Jacobs$eproceedings of the conference on applications of numerical software - needs and availability held at the University of Sussex, September 19.-22., 1977 210 $aLondon [etc.]$cAcademic Press$d1978 215 $aXVIII, 408 p.$cill.$d24 cm 610 1 $aAnalisi numerica$aCongressi 676 $a005$v21$9Programmazione, programmi, dati 702 1$aJacobs,$bDavid 710 12$aConference on applications of numerical software needs and availability$d<1977 ;$eSussex>$0632064 801 0$aIT$bUNIPARTHENOPE$c20081014$gRICA$2UNIMARC 912 $a000017565 951 $aM 005/2$bM 497$cDSA$d2008 996 $aNumerical software$91202132 997 $aUNIPARTHENOPE LEADER 01205nam0 22002891i 450 001 UON00404339 005 20231205104711.131 100 $a20120201d1971 |0itac50 ba 101 $ager 102 $aDE 105 $a|||| 1|||| 200 1 $aArcticae horulae$eDie erste Grammatik der slowenischen Sprache$eWittemberg 1584$e2. Teil$eUntersuchungen$fAdam Bohoric$g[Redaktion Branko Bercic] 210 $aMunchen$cRudolf Trofenik$d1971 215 $a206 p.$d24 cm. 410 1$1001UON00176193$12001 $aGeschichte, Kultur und Geisteswelt der Slowenen$1210 $aMünchen.$v4, 2 606 $aLINGUA SLOVENA$xGRAMMATICA$3UONC043408$2FI 620 $aDE$dMünchen$3UONL003025 676 $a491.84$cLingua slovena$v21 700 1$aBOHORIC$bAdam$3UONV207269$0686172 702 1$aBERCIC$bBranko$3UONV135990 712 $aTrofenik$3UONV247036$4650 801 $aIT$bSOL$c20240220$gRICA 899 $aSIBA - SISTEMA BIBLIOTECARIO DI ATENEO$2UONSI 912 $aUON00404339 950 $aSIBA - SISTEMA BIBLIOTECARIO DI ATENEO$dSI SL FL 22 0029 $eSI SL 2535 5 0029 $sBuono 996 $aArcticae horulae$91343919 997 $aUNIOR